Music Quiz

Random Music or Rock Quiz

The Top 5000 Songs of the Rock Era 301-600 (2003) Quiz Stats

 Plays Quiz not verified by Sporcle

Score 0/300 Timer 20:00
0 Plays Today
Hint Answer % Correct
560. Don't Go Breaking My HeartElton John & Kiki Dee
98.1%
431. Philadelphia FreedomThe Elton John Band
97.8%
451. Crocodile RockElton John
97.8%
531. Bennie and the JetsElton John
97.8%
467. Can't Buy Me LoveThe Beatles
97.5%
480. YesterdayThe Beatles
97.5%
500. We Can Work It OutThe Beatles
97.5%
504. I Feel FineThe Beatles
97.5%
573. Help!The Beatles
97.5%
590. Hello GoodbyeThe Beatles
97.5%
596. A Hard Day's NightThe Beatles
97.5%
432. You Are Not AloneMichael Jackson
96.7%
446. EscapadeJanet Jackson
96.7%
462. Miss You MuchJanet Jackson
96.7%
471. Any Time, Any Place / And On and OnJanet Jackson
96.7%
514. RunawayJanet Jackson
96.7%
352. I'll RememberMadonna
96.4%
407. VogueMadonna
96.4%
447. Crazy for YouMadonna
96.4%
544. Justify My LoveMadonna
96.4%
369. Careless WhisperWham! featuring George Michael
95.9%
458. Livin' on a PrayerBon Jovi
94.5%
491. AlwaysBon Jovi
94.5%
513. Bohemian RhapsodyQueen
94.5%
525. Wake Me Up Before You Go-GoWham!
94.5%
320. Karma ChameleonCulture Club
94.2%
355. FaithGeorge Michael
94.2%
401. Light My FireThe Doors
94.2%
506. One More TryGeorge Michael
94.2%
532. Someday We'll be TogetherDiana Ross & the Supremes
94.2%
312. I Just Called to Say I Love YouStevie Wonder
93.9%
469. Fingertips-Pt 2Little Stevie Wonder
93.9%
337. Walk Like an EgyptianBangles
93.4%
341. Heartbreak HotelWhitney Houston featuring Faith Evans & Kelly Price
93.4%
559. I Wanna Dance with Somebody (Who Loves Me)Whitney Houston
93.4%
583. Greatest Love of AllWhitney Houston
93.4%
527. Y.M.C.A.Village People
92.8%
397. Islands in the StreamKenny Rogers & Dolly Parton
92%
405. Where Did Our Love GoThe Supremes
92%
450. Baby LoveThe Supremes
92%
484. Come See About MeThe Supremes
92%
529. Stop! In the Name of LoveThe Supremes
92%
357. 9 to 5Dolly Parton
91.7%
524. Every Rose Has Its ThornPoison
91.7%
309. Daydream BelieverThe Monkees
91.2%
351. It's Still Rock and Roll to MeBilly Joel
90.6%
437. Mrs. RobinsonSimon and Garfunkel
90.3%
377. ABCThe Jackson 5
90.1%
489. I Want You BackThe Jackson 5
90.1%
530. The Love You SaveJackson 5
90.1%
536. Straight UpPaula Abdul
90.1%
540. Opposites AttractPaula Abdul with the Wild Pair
90.1%
410. Jessie's GirlRick Springfield
89.8%
546. Don't Talk to StrangersRick Springfield
89.8%
314. Under the BridgeRed Hot Chili Peppers
89.5%
519. HeartbreakerMariah Carey featuring Jay-Z
89.2%
557. Dancing in the DarkBruce Springsteen
89.2%
373. Sweet Dreams (Are Made of This)Eurythmics
89%
487. Money for NothingDire Straits
89%
370. I'll be ThereMariah Carey
88.7%
387. Love Takes TimeMariah Carey
88.7%
388. Vision of LoveMariah Carey
88.7%
393. Let's DanceDavid Bowie
88.7%
403. My AllMariah Carey
88.7%
426. Without You / Never Forget YouMariah Carey
88.7%
518. EmotionsMariah Carey
88.7%
587. HoneyMariah Carey
88.7%
308. I Can't Go for That (No Can Do)Daryl Hall and John Oates
88.1%
505. Out of TouchDaryl Hall and John Oates
88.1%
570. Private EyesDaryl Hall and John Oates
88.1%
572. Say It Isn't SoDaryl Hall and John Oates
88.1%
579. Oh, Pretty WomanRoy Orbison
88.1%
359. FootlooseKenny Loggins
87%
394. Too MuchElvis Presley
86.7%
490. Return to SenderElvis Presley
86.7%
539. I Want You, I Need You, I Love YouElvis Presley
86.7%
594. SurrenderElvis Presley
86.7%
498. I Get AroundThe Beach Boys
86.2%
558. Time After TimeCyndi Lauper
85.6%
345. RosannaToto
85.1%
428. A Horse with No NameAmerica
85.1%
566. I Want to Know What Love IsForeigner
84.8%
482. You Don't Bring Me FlowersBarbra Streisand & Neil Diamond
83.4%
338. Good TimesChic
82.9%
348. Seasons in the SunTerry Jacks
82.9%
343. You've Lost That Lovin' Feelin'Righteous Brothers
82.6%
463. Gypsys, Tramps & ThievesCher
82.6%
547. (You're My) Soul and InspirationRighteous Brothers
82.6%
592. Half-BreedCher
82.6%
389. Owner of a Lonely HeartYes
82%
324. We Are the WorldUSA for Africa
81.8%
474. CelebrationKool & the Gang
81.8%
385. I Wanna KnowJoe
81.5%
439. Ain't No Mountain High EnoughDiana Ross
81.5%
460. The Tears of a ClownSmokey Robinson & the Miracles
81.2%
478. Gonna Make You Sweat (Everybody Dance Now)C + C Music Factory featuring Freedom Williams
80.9%
548. MickeyToni Basil
80.9%
313. Bills, Bills, BillsDestiny's Child
80.7%
349. Jumpin', Jumpin'Destiny's Child
80.7%
537. La BambaLos Lobos
80.7%
Hint Answer % Correct
449. Let's Stay TogetherAl Green
80.4%
477. Can't Fight This FeelingREO Speedwagon
79.3%
564. Caribbean Queen (No More Love on the Run)Billy Ocean
78.7%
497. Turn! Turn! Turn!The Byrds
77.9%
499. Just My Imagination (Running Away with Me)The Temptations
77.9%
325. Happy TogetherThe Turtles
77.6%
334. Love Theme from 'A Star Is Born' (Evergreen)Barbra Streisand
77.6%
538. Please Don't GoKC & the Sunshine Band
76.8%
550. That's the Way (I Like It)KC & the Sunshine Band
76.8%
402. Family AffairSly & the Family Stone
76.5%
322. Too Much HeavenBee Gees
76.2%
376. Hard to Say I'm SorryChicago
76.2%
384. How Can You Mend a Broken HeartBee Gees
76.2%
533. American Woman / No Sugar TonightThe Guess Who
76.2%
578. Look AwayChicago
76.2%
591. TragedyBee Gees
76.2%
495. Electric AvenueEddy Grant
76%
442. I Can't Help Myself (Sugar Pie, Honey Bunch)Four Tops
75.7%
306. That's What Friends Are forDionne & Friends
75.4%
454. I Write the SongsBarry Manilow
75.4%
567. Who Can It Be Now?Men at Work
75.1%
577. Baby BabyAmy Grant
75.1%
302. SherryThe Four Seasons
74.9%
386. Open ArmsJourney
74.9%
448. Theme from 'Shaft'Isaac Hayes
74.6%
330. IncompleteSisqo
73.8%
503. Thong SongSisqo
73.8%
421. Let's Heart It for the BoyDeniece Williams
73.5%
452. AloneHeart
73.5%
430. Being with YouSmokey Robinson
73.2%
461. WomanJohn Lennon
72.9%
358. Love Will Keep Us TogetherCaptain & Tennille
72.4%
465. Broken WingsMr. Mister
72.4%
521. ShoutTears for Fears
71.8%
555. GreaseFrankie Valli
71.8%
599. All Out of LoveAir Supply
71.3%
375. Rhinestone CowboyGlen Campbell
71%
340. Arthur's Theme (Best That You Can Do)Christopher Cross
70.4%
378. BabeStyx
70.4%
575. Ride Like the WindChristopher Cross
70.4%
459. Semi-Charmed LifeThird Eye Blind
70.2%
445. One WeekBarenaked Ladies
69.9%
381. Play That Funky MusicWild Cherry
69.1%
534. Chariots of FireVangelis
68.5%
425. Be With YouEnrique Iglesias
68.2%
485. DowntownPetula Clark
68.2%
493. HeroEnrique Iglesias
68.2%
523. BailamosEnrique Iglesias
68.2%
382. BitchMeredith Brooks
67.4%
576. It Must Have Been LoveRoxette
66%
404. WarEdwin Starr
64.9%
347. Escape (Pina Colada Song)Rupert Holmes
64.6%
367. I Think I Love YouThe Partridge Family
64.6%
502. DonnaRitchie Valens
64.6%
321. Crimson and CloverTommy James & the Shondells
64.1%
419. Baker StreetGerry Rafferty
64.1%
568. ManiacMichael Sembello
64.1%
368. Somethin' StupidNancy Sinatra & Frank Sinatra
63.8%
488. GloriaLaura Branigan
63.8%
510. Roll With ItSteve Winwood
63.8%
436. Learnin' the BluesFrank Sinatra
63.5%
391. Whatever Will Be, Will Be (Que Sera, Sera)Doris Day
63%
457. Mama Told Me (Not to Come)Three Dog Night
62.7%
464. Soldier BoyThe Shirelles
62.7%
569. Will You Love Me TomorrowThe Shirelles
62.7%
319. In the EndLinkin Park
62.4%
383. Louie LouieThe Kingsmen
62.2%
584. My Lovin' (You're Never Gonna Get It)En Vogue
62.2%
562. Red Light SpecialTLC
61.3%
574. Baby Don't Get Hooked on MeMac Davis
61%
598. It's My PartyLesley Gore
61%
354. Kiss MeSixpence None the Richer
60.5%
595. The Most Beautiful GirlCharlie Rich
60.5%
443. I Love a Rainy NightEddie Rabbitt
59.9%
327 A Whole New WorldPeabo Bryson & Regina Belle
59.7%
304. You Send MeSam Cooke
59.4%
398. Every MorningSugar Ray
59.1%
416. DianaPaul Anka
58.8%
586. Put Your Head on My ShoulderPaul Anka
58.8%
496. I Wanna Sex You UpColor Me Badd
58.3%
542. The Candy ManSammy Davis, Jr.
58.3%
356. He Wasn't Man EnoughToni Braxton
58%
323. Breathe AgainToni Braxton
58%
483. Missing YouJohn Waite
58%
326. To Be with YouMr. Big
57.5%
333. Let Me Blow Ya MindEve featuring Gwen Stefani
57.5%
414. Disco Duck (Part 1)Rick Dees & His Cast of Idiots
57.5%
472. Leaving on a Jet PlanePeter, Paul & Mary
57.5%
476. Wild NightJohn Mellencamp & Me'Shell NdegeOcello
57.5%
364. It's So Hard to Say Goodbye to YesterdayBoyz II Men
56.4%
390. 4 Seasons of LonelinessBoyz II Men
56.4%
545. Water Runs DryBoyz II Men
56.4%
468. Mrs. Brown You've Got a Lovely DaughterHerman's Hermits
56.1%
335. I'm Sorry / CalypsoJohn Denver
55.8%
481. Hello, Dolly!Louis Armstrong
55.8%
494. It's Gonna Be Me'N Sync
55%
522. Do Wah Diddy DiddyManfred Mann
54.7%
336. HypnotizeThe Notorious B.I.G.
54.4%
543. One More Chance/Stay with MeThe Notorious B.I.G.
54.4%
411. I Need a Girl (Part One)P. Diddy featuring Usher & Loon
53.9%
Hint Answer % Correct
423. I Can See Clearly NowJohnny Nash
53.6%
517. RegulateWarren G & Nate Dogg
52.5%
593. SlideGoo Goo Dolls
52.5%
473. Me and Mrs. JonesBilly Paul
51.9%
408. On My OwnPatti LaBelle & Michael McDonald
51.1%
512. Make It with YouBread
51.1%
396. Blue VelvetBobby Vinton
50.6%
415. There! I've Said It AgainBobby Vinton
50.6%
374. WindyThe Association
50.3%
409. (Love Is) Thicker Than WaterAndy Gibb
50.3%
589. The Chipmunk SongThe Chipmunks with David Seville
50%
363. Pony TimeChubby Checker
49.2%
400. The StreakRay Stevens
48.6%
554. StillCommodores
48.6%
406. Bird DogEverly Brothers
47.2%
329. El PasoMarty Robbins
47%
420. He's So FineThe Chiffons
46.7%
399. I Need to KnowMarc Anthony
45.9%
470. Brandy (You're a Fine Girl)Looking Glass
45.9%
563. The Lion Sleeps TonightThe Tokens
45.9%
588. Lost In Your EyesDebbie Gibson
45.9%
372. Come On Over Baby (All I Want Is You)Christina Aguilera
45.6%
466. Shame on the MoonBob Seger & the Silver Bullet Band
45.3%
331. Monster MashBobby 'Boris' Pickett & the Crypt-Kickers
45%
380. Without YouNilsson
45%
526. Save the Last Dance for MeThe Drifters
45%
444. Go Away Little GirlDonny Osmond
44.5%
366. Indian Reservation (The Lament of the Cherokee Reservation Indian)The Raiders
43.6%
371. Have You Ever?Brandy
43.4%
395. Sittin' Up In My RoomBrandy
43.4%
412. Baby Come BackPlayer
43.1%
552. Harper Valley P.T.A.Jeannie C. Riley
42%
317. This Guy's in Love with YouHerb Alpert
41.4%
453. RiseHerb Alpert
41.4%
360. Hey PaulaPaul and Paula
40.6%
311. Sometimes Love Just Ain't EnoughPatty Smyth with Don Henley
39.2%
365. ButterflyCrazy Town
39%
528. Wedding Bell Blues5th Dimension
39%
553. One Less Bell to Answer5th Dimension
39%
556. Disco LadyJohnnie Taylor
39%
417. Stagger LeeLloyd Price
38.4%
418. DizzyTommy Roe
38.4%
318. DominiqueThe Singing Nun
38.1%
492. How Do You Talk to an AngelThe Heights
37.8%
310. Peppermint TwistJoey Dee & the Starliters
37%
328. The Ballad of the Green BeretsS Sgt. Barry Sadler
37%
541. A Fifth of BeethovenWalter Murphy & the Big Apple Band
35.9%
305. Case of the Ex (Whatcha Gonna Do)Mya
35.6%
438. Where the Party AtJagged Edge with Nelly
34.8%
316. Hit 'Em Up Style (Oops!)Blu Cantrell
34.3%
350. My Heart Has a Mind of Its OwnConnie Francis
34%
362. Everybody's Somebody's FoolConnie Francis
34%
486. Johnny AngelShelly Fabares
33.4%
440. CrushJennifer Paige
33.1%
413. One More TryTimmy T
32%
585. Fly, Robin, FlySilver Convention
31.8%
565. AgainLenny Kravitz
31.5%
535. I'd Die Without YouP.M. Dawn
30.7%
509. TelstarThe Tornadoes
29.3%
429. Stranger on the ShoreMr. Acker Bilk
29%
332. Winchester CathedralNew Vaudeville Band
28.5%
353. Hey LoverL.L. Cool J
27.9%
434. April LovePat Boone
27.6%
435. I Love Your SmileShanice
27.6%
501. I Almost Lost My MindPat Boone
27.6%
516. Don't Forbid MePat Boone
27.6%
303. Rump ShakerWreckx-N-Effect
27.1%
508. Judy in Disguise (With Glasses)John Fred & His Playboy Band
26.8%
561. Chapel of LoveThe Dixie Cups
26.8%
379. Where My Girls At?702
23.2%
433. Freak Like MeAdina Howard
22.9%
301. It's Only Make BelieveConway Twitty
22.1%
549. He Loves U NotDream
21.8%
315. Sugar ShackJimmy Gilmer & the Fireballs
21.3%
344. Running BearJohnny Preston
21%
511. Hey! BabyBruce Channel
20.7%
507. Duke of EarlGene Chandler
20.2%
307. A Blossom FellNat King Cole
19.9%
520. WhyFrankie Avalon
19.9%
339. He'll Have to GoJim Reeves
19.1%
424. NobodyKeith Sweat featuring Athena Cage
18.8%
600. GreenfieldsBrothers Four
18.5%
580. Mother-in-LawErnie K-Doe
18%
441. I Will Follow HimLittle Peggy March
17.7%
456. Sleep WalkSanto & Johnny
17.7%
515. SukiyakiKyu Sakamoto
17.1%
1992. Round and RoundPerry Como
16.3%
422. CalcuttaLawrence Welk
16.3%
581. Heartaches by the NumberGuy Mitchell
15.5%
475. Knockin' Da BootsH-Town
14.4%
571. Just Walking in the RainJohnnie Ray
13.5%
427. Last DateFloyd Cramer
13.3%
551. Teen AngelMark Dinning
11.6%
361. HoneycombJimmie Rodgers
10.5%
582. MichaelThe Highwaymen
10.2%
346. The Three BellsThe Browns
9.7%
479. Little StarThe Elegants
9.7%
597. Honky Tonk (Parts 1 & 2)Bill Doggett
9.4%
342. Moments to RememberFour Lads
8.8%
455. So RareJimmy Dorsey
7.5%

You're not logged in!

Compare scores with friends on all Sporcle quizzes.
OR
Log In

Show Comments

Extras

Created Aug 11, 2015ReportNominate
Tags:Rock Quiz, Song Quiz, 2003, 5000, era

Top Quizzes Today


Score Distribution

Your Account Isn't Verified!

In order to create a playlist on Sporcle, you need to verify the email address you used during registration. Go to your Sporcle Settings to finish the process.

Report this User

Report this user for behavior that violates our Community Guidelines.

Details: